Score 0/57 Timer 14:00
2 Plays Today
Year & Genre(s) Movie % Correct
1968: SciFiPlanet of the Apes
93.3%
1940: AnimatedPinocchio
84.7%
1990: RomancePretty Woman
83.8%
1960: HorrorPsycho
83.7%
2000: WarThe Patriot
80.8%
1961/98: FamilyThe Parent Trap
78.1%
1998: DramaPatch Adams
77.6%
2001: FamilyThe Princess Diaries
73.7%
1987: FantasyThe Princess Bride
73.5%
2005: RomancePride and Prejudice
71.1%
1993: DramaPhiladelphia
70.8%
2002: WarThe Pianist
69.4%
1970: WarPatton
68.9%
2002: ThrillerPanic Room
68.1%
1987: ActionPredator
67.9%
1986: WarPlatoon
67.8%
2006: ComedyThe Pink Panther
67.8%
1989: HorrorPet Sematary
66%
1984: MusicPurple Rain
64.7%
1986: ComedyPretty in Pink
64.6%
2004: AnimatedThe Polar Express
62.6%
1993: ThrillerThe Pelican Brief
61%
2009: AnimatedThe Princess and the Frog
60.8%
2000: AdventureThe Perfect Storm
60.4%
2009: ComedyPaul Blart: Mall Cop
60.2%
2001: WarPearl Harbor
59.9%
1991: ActionPoint Break
57.9%
1984: ComedyPolice Academy
57.7%
2009: RomComThe Proposal
54.1%
Year & Genre(s) Movie % Correct
1998: DramaPleasantville
53%
1972: DisasterThe Poseidon Adventure
52.9%
1997: SciFiThe Postman
52.8%
2009: DramaPrecious
52.1%
2004: Comic BookThe Punisher
51%
2006: FantasyPan's Labyrinth
46.5%
2006: AdventurePirates of the Caribbean: Dead Man's Chest
45.3%
2009: HorrorParanormal Activity
45.1%
1980: ComedyPrivate Benjamin
43.6%
2005: FamilyThe Pacifier
43.2%
2006: MysteryThe Prestige
43.1%
2009: CrimePublic Enemies
42.7%
1994: ActionThe Professional
42.6%
1993: DramaThe Piano
42.4%
1998: AnimatedThe Prince of Egypt
42%
1968: ComedyThe Producers
41.3%
2004: DramaThe Passion of the Christ
41.3%
1994: CrimePulp Fiction
40.1%
1982: ComedyPorky's
38.6%
2002: DramaPunch-Drunk Love
37.4%
2007: RomanceP.S. I Love You
35.6%
2000: SciFiPitch Black
32.2%
1998: SatirePrimary Colors
28.1%
1972: CultPink Flamingos
19%
2006: ComedyA Prairie Home Companion
18.5%
2002: ThrillerPhone Booth
15.5%
2005: DramaProof
14.9%
1957: WarPaths of Glory
13.2%
Remove Ads.
Support Sporcle.
Get the best of Sporcle when you Go Orange. This ad-free experience offers more features, more stats, and more fun while also helping to support Sporcle. Thank you for becoming a member.

You're not logged in!

Compare scores with friends on all Sporcle quizzes.
OR
Log In

Show Comments

Extras

Top Quizzes Today


Score Distribution

Your Account Isn't Verified!

In order to create a playlist on Sporcle, you need to verify the email address you used during registration. Go to your Sporcle Settings to finish the process.

Report this User

Report this user for behavior that violates our Community Guidelines.

Details: